Loading...
| History - World History | 0 | 8 | 0 | 0 | 80 | 37 | 49.25 | 3 | 8 |
| History - European History | 0 | 6 | 1 | 0 | 55 | 54 | 88.33 | 2 | 5 |
| History - American History | 0 | 5 | 2 | 1 | 40 | 65 | 74.40 | 2 | 5 |
| Fine Arts - Other Fine Arts | 0 | 3 | 0 | 0 | 30 | 71 | 87.67 | 3 | 3 |
| Literature - British Literature | 0 | 3 | 0 | 0 | 30 | 78 | 104.33 | 2 | 3 |
| Religion | 0 | 3 | 0 | 0 | 30 | 38 | 87.00 | 1 | 3 |
| Pop Culture | 0 | 2 | 0 | 0 | 20 | 91 | 109.00 | 0 | 2 |
| Literature - World/Other Literature | 0 | 2 | 0 | 0 | 20 | 57 | 71.50 | 1 | 2 |
| Geography/Current Events | 0 | 2 | 0 | 0 | 20 | 76 | 81.50 | 0 | 2 |
| Philosophy | 0 | 2 | 1 | 0 | 15 | 90 | 96.00 | 2 | 2 |
| Fine Arts - Visual Fine Arts | 0 | 1 | 0 | 0 | 10 | 106 | 106.00 | 0 | 1 |
| History - Other History | 0 | 2 | 2 | 0 | 10 | 63 | 66.50 | 0 | 2 |
| Science - Other Science | 0 | 1 | 0 | 1 | 10 | 117 | 117.00 | 0 | 0 |
| Literature - European Literature | 0 | 1 | 0 | 0 | 10 | 126 | 126.00 | 0 | 1 |
| Social Science | 0 | 1 | 0 | 0 | 10 | 68 | 68.00 | 0 | 1 |